{"text_format":"3","workbook":"xlsx","n_sheets":2,"sheets":["SUMMARY","Detailed Estimate"],"not_rendered":{"images":1,"defined_names":3},"read":"whole","date_system":"1900"}

{"sheet":"SUMMARY","index":0,"n_rows":16,"n_cols":5,"rows_kept":16,"merged":[[0,4,0,5],[0,9,0,10],[0,11,0,15],[1,4,1,5],[1,6,1,10],[2,0,2,2],[2,4,2,5],[2,6,2,10],[3,0,3,2]]}
[]
[{"$nulls":4},"Project Name:"]
["www.biddingpartners.com",{"$nulls":3},"Address:"]
["+1 (347) 994-0941"]
[]
[null,"CSI DIV.","DESCRIPTION","TOTAL TRADE COST","REMARKS"]
[]
[null,"DIV.01","GENERAL CONDITIONS",{"$f":"'Detailed Estimate'!P8","v":{"v":9000,"d":"$9,000.00"}}]
[null,"DIV.07","THERMAL & MOISTURE PROTECTION",{"$f":"'Detailed Estimate'!P14","v":{"v":188311.32980000007,"d":"$188,311.33"}}]
[{"$f":"IF(G10<>\"\",1+MAX($A$1:A9),\"\")","v":""}]
[null,null,"SUBTOTAL",{"$f":"SUM(D8:D10)","v":{"v":197311.32980000007,"d":"$197,311.33"}}]
[null,null,"OVERHEAD & PROFIT - 25%",{"$f":"0.25*D11","v":{"v":49327.832450000016,"d":"$49,327.83"}}]
[null,null,"TOTAL BID",{"$f":"SUM(D11:D12)","v":{"v":246639.16225000008,"d":"$246,639.16"}}]
[]
[{"$f":"IF(G26<>\"\",1+MAX($A$1:A14),\"\")","v":""},null,"EXCLUSIONS"]
[{"$f":"IF(G27<>\"\",1+MAX($A$1:A15),\"\")","v":""},null,"ALL ITEMS NOT MENTIONED ABOVE ARE EXCLUDED"]

{"sheet":"Detailed Estimate","index":1,"n_rows":89,"n_cols":16,"rows_kept":89,"merged":[[0,9,0,10],[0,11,0,15],[1,9,1,10],[1,11,1,15],[2,0,2,3],[2,9,2,10],[2,11,2,15],[3,0,3,3],[86,0,86,3],[88,0,88,3]]}
[]
[{"$nulls":9},"Project Name:"]
["www.biddingpartners.com",{"$nulls":8},"Address:"]
[{"v":3479940941,"d":"+1 (347) 994-0941"}]
[]
["SR #","REFERENCE SHEET","DETAIL SHEET","CSI SECT","DESCRIPTION","QTY.","WASTAGE","QTY WITH\nWASTAGE","UNIT OF\nMEASURMENT","UNIT LABOR COST","TOTAL LABOR COST","UNIT MATERIAL COST","TOTAL MATERIAL COST","UNIT COST","TOTAL ITEM\nCOST","TOTAL TRADE\nCOST"]
[]
[{"$nulls":3},"DIV. 01","GENERAL REQUIREMENTS",{"$nulls":10},{"$f":"SUM(O10:O12)","v":{"v":9000,"d":"$9,000"}}]
[]
[{"$f":"IF(I10<>\"\",1+MAX($A$6:A9),\"\")","v":1},{"$nulls":3},"PERMITS, SITE SUPERVISION FEE",1,{"v":0,"d":"0%"},{"$f":"F10*(1+G10)","v":1},"LS",{"$nulls":4},{"v":5000,"d":"$5,000.0"},{"$f":"N10*H10","v":{"v":5000,"d":"$5,000"}}]
[{"$f":"IF(I11<>\"\",1+MAX($A$6:A10),\"\")","v":2},{"$nulls":3},"Allowances",1,{"v":0,"d":"0%"},{"$f":"F11*(1+G11)","v":1},"LS",{"$nulls":4},{"v":3000,"d":"$3,000.0"},{"$f":"N11*H11","v":{"v":3000,"d":"$3,000"}}]
[{"$f":"IF(I12<>\"\",1+MAX($A$6:A11),\"\")","v":3},{"$nulls":3},"Mobilization",1,{"v":0,"d":"0%"},1,"LS",{"$nulls":4},{"v":1000,"d":"$1,000.0"},{"v":1000,"d":"$1,000"}]
[{"$f":"IF(I13<>\"\",1+MAX($A$6:A12),\"\")","v":""}]
[{"$f":"IF(I14<>\"\",1+MAX($A$6:A13),\"\")","v":""},null,null,"DIV. 07","THERMAL & MOISTURE PROTECTION",{"$nulls":10},{"$f":"SUM(O16:O85)","v":{"v":188311.32980000007,"d":"$188,311"}}]
[{"$f":"IF(I15<>\"\",1+MAX($A$6:A14),\"\")","v":""}]
[{"$f":"IF(I16<>\"\",1+MAX($A$6:A15),\"\")","v":""},{"$nulls":3},"LOWER ROOFING"]
[{"$f":"IF(I17<>\"\",1+MAX($A$6:A16),\"\")","v":""}]
[{"$f":"IF(I18<>\"\",1+MAX($A$6:A17),\"\")","v":""},{"$nulls":3},"METAL ROOFING"]
[{"$f":"IF(I19<>\"\",1+MAX($A$6:A18),\"\")","v":4},"A-2.2a","A-2.2a",null,"Standing Seam Metal Roof - Class A (2:12) , Manufacturer: AEP Span, Gauge:22 , Color: Cool Zinc Gray",{"v":2380.2,"d":"2,380"},{"v":0.1,"d":"10%"},{"$f":"F19*(1+G19)","v":{"v":2618.22,"d":"2618"}},"SF",{"v":6.3,"d":"$6.3"},{"$f":"J19*H19","v":{"v":16494.786,"d":"$16,494.79"}},{"v":8.7,"d":"$8.70"},{"$f":"L19*H19","v":{"v":22778.513999999996,"d":"$22,778.51"}},{"v":15,"d":"$15.0"},{"$f":"N19*H19","v":{"v":39273.299999999996,"d":"$39,273"}}]
[{"$f":"IF(I20<>\"\",1+MAX($A$6:A19),\"\")","v":5},"A-2.2a","A-2.2a",null,"#30 Underlayment Felt Paper - 2 Layers",{"$f":"F19*2","v":{"v":4760.4,"d":"4,760"}},{"v":0.1,"d":"10%"},{"v":5236.44,"d":"5236"},"SF",{"v":1.3250000000000002,"d":"$1.3"},{"$f":"J20*H20","v":{"v":6938.283,"d":"$6,938.28"}},{"v":1.1749999999999998,"d":"$1.18"},{"$f":"L20*H20","v":{"v":6152.816999999998,"d":"$6,152.82"}},{"v":2.5,"d":"$2.5"},{"v":13091.099999999999,"d":"$13,091"}]
[{"$f":"IF(I21<>\"\",1+MAX($A$6:A20),\"\")","v":6},"A-2.2a","A-2.2a",null,"(2\"X4\") Roof Curb Around Skylight",{"v":93.01,"d":"93"},{"v":0.1,"d":"10%"},{"v":102.311,"d":"102"},"LF",{"v":10.92,"d":"$10.9"},{"$f":"J21*H21","v":{"v":1117.23612,"d":"$1,117.24"}},{"v":15.079999999999998,"d":"$15.08"},{"$f":"L21*H21","v":{"v":1542.84988,"d":"$1,542.85"}},{"v":26,"d":"$26.0"},{"v":2660.0860000000002,"d":"$2,660"}]
[{"$f":"IF(I22<>\"\",1+MAX($A$6:A21),\"\")","v":""}]
[{"$f":"IF(I23<>\"\",1+MAX($A$6:A22),\"\")","v":7},"A-2.2a","A-2.2a",null,"Plaster Soffit w/ F Channels At Both Ends - 18\" Wide",{"$f":"1.5*224","v":336},{"v":0.1,"d":"10%"},{"$f":"F23*(1+G23)","v":{"v":369.6,"d":"370"}},"SF",{"v":2.12,"d":"$2.1"},{"$f":"J23*H23","v":{"v":783.5520000000001,"d":"$783.55"}},{"v":1.88,"d":"$1.88"},{"$f":"L23*H23","v":{"v":694.848,"d":"$694.85"}},{"v":4,"d":"$4.0"},{"$f":"N23*H23","v":{"v":1478.4,"d":"$1,478"}}]
[{"$f":"IF(I24<>\"\",1+MAX($A$6:A23),\"\")","v":8},"A-2.2a","A-2.2a",null,"16 GA Rake Flashing",{"v":72.91,"d":"73"},{"v":0.1,"d":"10%"},{"$f":"F24*(1+G24)","v":{"v":80.20100000000001,"d":"80"}},"LF",{"v":14.84,"d":"$14.8"},{"$f":"J24*H24","v":{"v":1190.1828400000002,"d":"$1,190.18"}},{"v":13.16,"d":"$13.16"},{"$f":"L24*H24","v":{"v":1055.4451600000002,"d":"$1,055.45"}},{"v":28,"d":"$28.0"},{"$f":"N24*H24","v":{"v":2245.628,"d":"$2,246"}}]
[{"$f":"IF(I25<>\"\",1+MAX($A$6:A24),\"\")","v":9},"A-2.2a","A-2.2a",null,"26 GA Eave Flashing",{"v":151.2,"d":"151"},{"v":0.1,"d":"10%"},{"$f":"F25*(1+G25)","v":{"v":166.32,"d":"166"}},"LF",{"v":10.600000000000001,"d":"$10.6"},{"$f":"J25*H25","v":{"v":1762.9920000000002,"d":"$1,762.99"}},{"v":9.399999999999999,"d":"$9.40"},{"$f":"L25*H25","v":{"v":1563.4079999999997,"d":"$1,563.41"}},{"v":20,"d":"$20.0"},{"$f":"N25*H25","v":{"v":3326.3999999999996,"d":"$3,326"}}]
[{"$f":"IF(I26<>\"\",1+MAX($A$6:A25),\"\")","v":""}]
[{"$f":"IF(I27<>\"\",1+MAX($A$6:A26),\"\")","v":10},"A-2.2a","A-2.2a",null,"Metal Ridge Cap",{"v":36.59,"d":"37"},{"v":0.1,"d":"10%"},{"$f":"F27*(1+G27)","v":{"v":40.24900000000001,"d":"40"}},"LF",{"v":2,"d":"$2.0"},{"$f":"J27*H27","v":{"v":80.49800000000002,"d":"$80.50"}},{"v":5,"d":"$5.00"},{"$f":"L27*H27","v":{"v":201.24500000000006,"d":"$201.25"}},{"v":7,"d":"$7.0"},{"$f":"N27*H27","v":{"v":281.74300000000005,"d":"$282"}}]
[{"$f":"IF(I28<>\"\",1+MAX($A$6:A27),\"\")","v":11},"A-2.2a","A-2.2a",null,"24 GA Ridge Flashing",{"v":36.59,"d":"37"},{"v":0.1,"d":"10%"},{"$f":"F28*(1+G28)","v":{"v":40.24900000000001,"d":"40"}},"LF",{"v":11.66,"d":"$11.7"},{"$f":"J28*H28","v":{"v":469.3033400000001,"d":"$469.30"}},{"v":10.34,"d":"$10.34"},{"$f":"L28*H28","v":{"v":416.1746600000001,"d":"$416.17"}},{"v":22,"d":"$22.0"},{"$f":"N28*H28","v":{"v":885.4780000000002,"d":"$885"}}]
[{"$f":"IF(I29<>\"\",1+MAX($A$6:A28),\"\")","v":""}]
[{"$f":"IF(I30<>\"\",1+MAX($A$6:A29),\"\")","v":12},"A-2.2a","A-2.2a",null,"26 GA GSM Step Flashing",{"v":155.6,"d":"156"},{"v":0.1,"d":"10%"},{"$f":"F30*(1+G30)","v":{"v":171.16,"d":"171"}},"LF",{"v":10.600000000000001,"d":"$10.6"},{"$f":"J30*H30","v":{"v":1814.2960000000003,"d":"$1,814.30"}},{"v":9.399999999999999,"d":"$9.40"},{"$f":"L30*H30","v":{"v":1608.9039999999998,"d":"$1,608.90"}},{"v":20,"d":"$20.0"},{"$f":"N30*H30","v":{"v":3423.2,"d":"$3,423"}}]
[{"$f":"IF(I31<>\"\",1+MAX($A$6:A30),\"\")","v":13},"A-2.2a","A-2.2a",null,"16 GA GSM Apron Flashing",{"v":155.6,"d":"156"},{"v":0.1,"d":"10%"},{"$f":"F31*(1+G31)","v":{"v":171.16,"d":"171"}},"LF",{"v":14.84,"d":"$14.8"},{"v":2540.0144,"d":"$2,540.01"},{"v":13.16,"d":"$13.16"},{"v":2252.4656,"d":"$2,252.47"},{"v":28,"d":"$28.0"},{"$f":"N31*H31","v":{"v":4792.48,"d":"$4,792"}}]
[{"$f":"IF(I32<>\"\",1+MAX($A$6:A31),\"\")","v":14},"A-2.2a","A-2.2a",null,"16 GA GSM Thru Wall \"Z\" Bar Counter Flashing",{"v":155.6,"d":"156"},{"v":0.1,"d":"10%"},{"v":171.16,"d":"171"},"LF",{"v":14.84,"d":"$14.8"},{"$f":"J32*H32","v":{"v":2540.0144,"d":"$2,540.01"}},{"v":13.16,"d":"$13.16"},{"$f":"L32*H32","v":{"v":2252.4656,"d":"$2,252.47"}},{"v":28,"d":"$28.0"},{"v":4792.48,"d":"$4,792"}]
[{"$f":"IF(I33<>\"\",1+MAX($A$6:A32),\"\")","v":15},"A-2.2a","A-2.2a",null,"24 GA Ridge Flashing",{"v":155.6,"d":"156"},{"v":0.1,"d":"10%"},{"$f":"F33*(1+G33)","v":{"v":171.16,"d":"171"}},"LF",{"v":11.66,"d":"$11.7"},{"$f":"J33*H33","v":{"v":1995.7256,"d":"$1,995.73"}},{"v":10.34,"d":"$10.34"},{"$f":"L33*H33","v":{"v":1769.7944,"d":"$1,769.79"}},{"v":22,"d":"$22.0"},{"$f":"N33*H33","v":{"v":3765.52,"d":"$3,766"}}]
[{"$f":"IF(I34<>\"\",1+MAX($A$6:A33),\"\")","v":""}]
[{"$f":"IF(I35<>\"\",1+MAX($A$6:A34),\"\")","v":16},"A-2.2a","A-2.2a",null,"Flashing Around Roof Opening",{"v":25.35,"d":"25"},{"v":0.1,"d":"10%"},{"$f":"F35*(1+G35)","v":{"v":27.885000000000005,"d":"28"}},"LF",{"v":11.66,"d":"$11.7"},{"$f":"J35*H35","v":{"v":325.13910000000004,"d":"$325.14"}},{"v":10.34,"d":"$10.34"},{"$f":"L35*H35","v":{"v":288.33090000000004,"d":"$288.33"}},{"v":22,"d":"$22.0"},{"$f":"N35*H35","v":{"v":613.4700000000001,"d":"$613"}}]
[{"$f":"IF(I36<>\"\",1+MAX($A$6:A35),\"\")","v":17},"A-2.2a","A-2.2a",null,"Flashing Around Chimney",{"v":17.57,"d":"18"},{"v":0.1,"d":"10%"},{"$f":"F36*(1+G36)","v":{"v":19.327,"d":"19"}},"LF",{"v":11.66,"d":"$11.7"},{"v":225.35282000000004,"d":"$225.35"},{"v":10.34,"d":"$10.34"},{"v":199.84118,"d":"$199.84"},{"v":22,"d":"$22.0"},{"$f":"N36*H36","v":{"v":425.194,"d":"$425"}}]
[{"$f":"IF(I37<>\"\",1+MAX($A$6:A36),\"\")","v":""}]
[{"$f":"IF(I38<>\"\",1+MAX($A$6:A37),\"\")","v":18},"A-2.2a","A-2.2a",null,"22 GA GSM Concealed Gutter",{"v":152.22,"d":"152"},{"v":0.1,"d":"10%"},{"$f":"F38*(1+G38)","v":{"v":167.442,"d":"167"}},"LF",{"v":11.66,"d":"$11.7"},{"$f":"J38*H38","v":{"v":1952.37372,"d":"$1,952.37"}},{"v":10.34,"d":"$10.34"},{"$f":"L38*H38","v":{"v":1731.35028,"d":"$1,731.35"}},{"v":22,"d":"$22.0"},{"$f":"N38*H38","v":{"v":3683.724,"d":"$3,684"}}]
[{"$f":"IF(I39<>\"\",1+MAX($A$6:A38),\"\")","v":19},"A-2.2a","A-2.2a",null,"(2\"X3\") Rectangular GSM Downspout",{"$f":"7*12","v":84},{"v":0.1,"d":"10%"},{"$f":"F39*(1+G39)","v":{"v":92.4,"d":"92"}},"LF",{"v":9.01,"d":"$9.0"},{"v":832.524,"d":"$832.52"},{"v":7.989999999999999,"d":"$7.99"},{"v":738.276,"d":"$738.28"},{"v":17,"d":"$17.0"},{"$f":"N39*H39","v":{"v":1570.8000000000002,"d":"$1,571"}}]
[{"$f":"IF(I40<>\"\",1+MAX($A$6:A39),\"\")","v":20},"A-2.2a","A-2.2a",null,"Gutter Strap @ 3'O.C.",{"$f":"F38/3","v":{"v":50.74,"d":"51"}},{"v":0.1,"d":"10%"},{"v":55.81400000000001,"d":"56"},"EA",{"v":23.85,"d":"$23.9"},{"$f":"J40*H40","v":{"v":1331.1639000000002,"d":"$1,331.16"}},{"v":21.15,"d":"$21.15"},{"$f":"L40*H40","v":{"v":1180.4661,"d":"$1,180.47"}},{"v":45,"d":"$45.0"},{"v":2511.63,"d":"$2,512"}]
[{"$f":"IF(I41<>\"\",1+MAX($A$6:A40),\"\")","v":""}]
[{"$f":"IF(I42<>\"\",1+MAX($A$6:A41),\"\")","v":21},"A-2.2a","A-2.2a",null,"Soffit Strip Vent",{"v":167.48,"d":"167"},{"v":0.1,"d":"10%"},{"$f":"F42*(1+G42)","v":{"v":184.228,"d":"184"}},"LF",{"v":6.36,"d":"$6.4"},{"$f":"J42*H42","v":{"v":1171.69008,"d":"$1,171.69"}},{"v":5.64,"d":"$5.64"},{"$f":"L42*H42","v":{"v":1039.04592,"d":"$1,039.05"}},{"v":12,"d":"$12.0"},{"$f":"N42*H42","v":{"v":2210.736,"d":"$2,211"}}]
[{"$f":"IF(I43<>\"\",1+MAX($A$6:A42),\"\")","v":22},"A-2.2a","A-2.2a",null,"3\" Soffit Strip Vent",{"v":76.1,"d":"76"},{"v":0.1,"d":"10%"},{"$f":"F43*(1+G43)","v":{"v":83.71,"d":"84"}},"LF",{"v":6.36,"d":"$6.4"},{"v":532.3956,"d":"$532.40"},{"v":5.64,"d":"$5.64"},{"v":472.1243999999999,"d":"$472.12"},{"v":12,"d":"$12.0"},{"$f":"N43*H43","v":{"v":1004.52,"d":"$1,005"}}]
[{"$f":"IF(I44<>\"\",1+MAX($A$6:A43),\"\")","v":""}]
[{"$f":"IF(I45<>\"\",1+MAX($A$6:A44),\"\")","v":""},{"$nulls":3},"SINGLE PLY ROOFING"]
[{"$f":"IF(I46<>\"\",1+MAX($A$6:A45),\"\")","v":23},"A-2.2a","A-2.2a",null,"Single Ply Roofing, Minimum Class \"A\" , Manufacturer : GAF, Style : Fully Adhered Ever guard",{"v":389.38,"d":"389"},{"v":0.1,"d":"10%"},{"$f":"F46*(1+G46)","v":{"v":428.31800000000004,"d":"428"}},"SF",{"v":3.975,"d":"$4.0"},{"$f":"J46*H46","v":{"v":1702.5640500000002,"d":"$1,702.56"}},{"v":3.525,"d":"$3.53"},{"$f":"L46*H46","v":{"v":1509.82095,"d":"$1,509.82"}},{"v":7.5,"d":"$7.5"},{"$f":"N46*H46","v":{"v":3212.385,"d":"$3,212"}}]
[{"$f":"IF(I47<>\"\",1+MAX($A$6:A46),\"\")","v":24},"A-2.2a","A-2.2a",null,"60 MIL TPO Roofing Membrane",{"$f":"F46","v":{"v":389.38,"d":"389"}},{"v":0.1,"d":"10%"},{"v":428.31800000000004,"d":"428"},"SF",{"v":1.59,"d":"$1.6"},{"$f":"J47*H47","v":{"v":681.0256200000001,"d":"$681.03"}},{"v":1.41,"d":"$1.41"},{"$f":"L47*H47","v":{"v":603.9283800000001,"d":"$603.93"}},{"v":3,"d":"$3.0"},{"v":1284.9540000000002,"d":"$1,285"}]
[{"$f":"IF(I48<>\"\",1+MAX($A$6:A47),\"\")","v":25},"A-2.2a","A-2.2a",null,"1/2\" High Density Polyiso Board",{"$f":"F46","v":{"v":389.38,"d":"389"}},{"v":0.1,"d":"10%"},{"v":428.31800000000004,"d":"428"},"SF",{"v":2.6500000000000004,"d":"$2.7"},{"$f":"J48*H48","v":{"v":1135.0427000000002,"d":"$1,135.04"}},{"v":2.3499999999999996,"d":"$2.35"},{"$f":"L48*H48","v":{"v":1006.5473,"d":"$1,006.55"}},{"v":5,"d":"$5.0"},{"v":2141.59,"d":"$2,142"}]
[{"$f":"IF(I49<>\"\",1+MAX($A$6:A48),\"\")","v":26},"A-2.2a","A-2.2a",null,"Install River Washed Round Stone Ballast",{"$f":"F46","v":{"v":389.38,"d":"389"}},{"v":0.1,"d":"10%"},{"v":428.31800000000004,"d":"428"},"SF",{"v":1.06,"d":"$1.1"},{"$f":"J49*H49","v":{"v":454.0170800000001,"d":"$454.02"}},{"v":0.94,"d":"$0.94"},{"$f":"L49*H49","v":{"v":402.61892,"d":"$402.62"}},{"v":2,"d":"$2.0"},{"v":856.6360000000001,"d":"$857"}]
[{"$f":"IF(I50<>\"\",1+MAX($A$6:A49),\"\")","v":""}]
[{"$f":"IF(I51<>\"\",1+MAX($A$6:A50),\"\")","v":27},"A-2.2a","A-2.2a",null,"Primary Roof Drain",1,{"v":0,"d":"0%"},{"$f":"F51*(1+G51)","v":1},"EA",{"v":63,"d":"$63.0"},{"$f":"J51*H51","v":{"v":63,"d":"$63.00"}},{"v":150,"d":"$150.00"},{"$f":"L51*H51","v":{"v":150,"d":"$150.00"}},{"v":213,"d":"$213.0"},{"$f":"N51*H51","v":{"v":213,"d":"$213"}}]
[{"$f":"IF(I52<>\"\",1+MAX($A$6:A51),\"\")","v":28},"A-2.2a","A-2.2a",null,"Overflow Drain",1,{"v":0,"d":"0%"},{"$f":"F52*(1+G52)","v":1},"EA",{"v":75.6,"d":"$75.6"},{"$f":"J52*H52","v":{"v":75.6,"d":"$75.60"}},{"v":180,"d":"$180.00"},{"$f":"L52*H52","v":{"v":180,"d":"$180.00"}},{"v":255.6,"d":"$255.6"},{"$f":"N52*H52","v":{"v":255.6,"d":"$256"}}]
[{"$f":"IF(I53<>\"\",1+MAX($A$6:A52),\"\")","v":29},"A-2.2a","A-2.2a",null,"Built Up Roofing Cap Sheet . Size: (4'X4')",1,{"v":0,"d":"0%"},1,"EA",{"v":32,"d":"$32.0"},{"$f":"J53*H53","v":{"v":32,"d":"$32.00"}},{"v":100,"d":"$100.00"},{"$f":"L53*H53","v":{"v":100,"d":"$100.00"}},{"v":132,"d":"$132.0"},{"v":132,"d":"$132"}]
[{"$f":"IF(I54<>\"\",1+MAX($A$6:A53),\"\")","v":""}]
[{"$f":"IF(I55<>\"\",1+MAX($A$6:A54),\"\")","v":30},"A-2.2a","A-2.2a",null,"Parapet Flashing",{"v":108.53,"d":"109"},{"v":0.1,"d":"10%"},{"$f":"F55*(1+G55)","v":{"v":119.38300000000001,"d":"119"}},"LF",{"v":11.66,"d":"$11.7"},{"$f":"J55*H55","v":{"v":1392.0057800000002,"d":"$1,392.01"}},{"v":10.34,"d":"$10.34"},{"$f":"L55*H55","v":{"v":1234.42022,"d":"$1,234.42"}},{"v":22,"d":"$22.0"},{"$f":"N55*H55","v":{"v":2626.4260000000004,"d":"$2,626"}}]
[{"$f":"IF(I56<>\"\",1+MAX($A$6:A55),\"\")","v":31},"A-2.2a","A-2.2a",null,"Ice & Water Shield",{"$f":"108.53*3","v":{"v":325.59000000000003,"d":"326"}},{"v":0.1,"d":"10%"},{"$f":"F56*(1+G56)","v":{"v":358.14900000000006,"d":"358"}},"SF",{"v":3.4799999999999995,"d":"$3.5"},{"$f":"J56*H56","v":{"v":1246.35852,"d":"$1,246.36"}},{"v":2.52,"d":"$2.52"},{"$f":"L56*H56","v":{"v":902.5354800000001,"d":"$902.54"}},{"v":6,"d":"$6.0"},{"$f":"N56*H56","v":{"v":2148.8940000000002,"d":"$2,149"}}]
[{"$f":"IF(I57<>\"\",1+MAX($A$6:A56),\"\")","v":32},"A-2.2a","A-2.2a",null,"TEK Parapet Screed",{"v":108.53,"d":"109"},{"v":0.1,"d":"10%"},{"v":119.38300000000001,"d":"119"},"LF",{"v":3.4799999999999995,"d":"$3.5"},{"$f":"J57*H57","v":{"v":415.45284,"d":"$415.45"}},{"v":2.52,"d":"$2.52"},{"v":300.84516,"d":"$300.85"},{"v":6,"d":"$6.0"},{"v":716.298,"d":"$716"}]
[{"$f":"IF(I58<>\"\",1+MAX($A$6:A57),\"\")","v":""}]
[{"$f":"IF(I59<>\"\",1+MAX($A$6:A58),\"\")","v":""},{"$nulls":3},"UPPER ROOFING"]
[{"$f":"IF(I60<>\"\",1+MAX($A$6:A59),\"\")","v":""}]
[{"$f":"IF(I61<>\"\",1+MAX($A$6:A60),\"\")","v":""},{"$nulls":3},"METAL ROOFING"]
[{"$f":"IF(I62<>\"\",1+MAX($A$6:A61),\"\")","v":33},"A-2.2b","A-2.2b",null,"Standing Seam Metal Roof - Class A (2:12) , Manufacturer: AEP Span, Gauge:22 , Color: Cool Zinc Gray",{"$f":"1.014*2169.85","v":{"v":2200.2279,"d":"2,200"}},{"v":0.1,"d":"10%"},{"$f":"F62*(1+G62)","v":{"v":2420.25069,"d":"2420"}},"SF",{"v":6.3,"d":"$6.3"},{"$f":"J62*H62","v":{"v":15247.579346999999,"d":"$15,247.58"}},{"v":8.7,"d":"$8.70"},{"$f":"L62*H62","v":{"v":21056.181002999998,"d":"$21,056.18"}},{"v":15,"d":"$15.0"},{"$f":"N62*H62","v":{"v":36303.76035,"d":"$36,304"}}]
[{"$f":"IF(I63<>\"\",1+MAX($A$6:A62),\"\")","v":34},"A-2.2b","A-2.2b",null,"#30 Underlayment Felt Paper - 2 Layers",{"$f":"F62*2","v":{"v":4400.4558,"d":"4,400"}},{"v":0.1,"d":"10%"},{"v":4840.50138,"d":"4841"},"SF",{"v":1.3250000000000002,"d":"$1.3"},{"$f":"J63*H63","v":{"v":6413.6643285,"d":"$6,413.66"}},{"v":1.1749999999999998,"d":"$1.18"},{"$f":"L63*H63","v":{"v":5687.589121499999,"d":"$5,687.59"}},{"v":2.5,"d":"$2.5"},{"v":12101.25345,"d":"$12,101"}]
[{"$f":"IF(I64<>\"\",1+MAX($A$6:A63),\"\")","v":""}]
[{"$f":"IF(I65<>\"\",1+MAX($A$6:A64),\"\")","v":35},"A-2.2b","A-2.2b",null,"Plaster Soffit w/ F Channels At Both Ends - 18\" Wide",{"$f":"1.5*177.02","v":{"v":265.53000000000003,"d":"266"}},{"v":0.1,"d":"10%"},{"$f":"F65*(1+G65)","v":{"v":292.0830000000001,"d":"292"}},"SF",{"v":2.12,"d":"$2.1"},{"$f":"J65*H65","v":{"v":619.2159600000002,"d":"$619.22"}},{"v":1.88,"d":"$1.88"},{"$f":"L65*H65","v":{"v":549.1160400000001,"d":"$549.12"}},{"v":4,"d":"$4.0"},{"$f":"N65*H65","v":{"v":1168.3320000000003,"d":"$1,168"}}]
[{"$f":"IF(I66<>\"\",1+MAX($A$6:A65),\"\")","v":36},"A-2.2b","A-2.2b",null,"16 GA Rake Flashing",{"v":127.46,"d":"127"},{"v":0.1,"d":"10%"},{"$f":"F66*(1+G66)","v":{"v":140.20600000000002,"d":"140"}},"LF",{"v":14.84,"d":"$14.8"},{"$f":"J66*H66","v":{"v":2080.65704,"d":"$2,080.66"}},{"v":13.16,"d":"$13.16"},{"$f":"L66*H66","v":{"v":1845.1109600000002,"d":"$1,845.11"}},{"v":28,"d":"$28.0"},{"$f":"N66*H66","v":{"v":3925.7680000000005,"d":"$3,926"}}]
[{"$f":"IF(I67<>\"\",1+MAX($A$6:A66),\"\")","v":37},"A-2.2b","A-2.2b",null,"26 GA Eave Flashing",{"v":49.56,"d":"50"},{"v":0.1,"d":"10%"},{"$f":"F67*(1+G67)","v":{"v":54.516000000000005,"d":"55"}},"LF",{"v":10.600000000000001,"d":"$10.6"},{"$f":"J67*H67","v":{"v":577.8696000000001,"d":"$577.87"}},{"v":9.399999999999999,"d":"$9.40"},{"$f":"L67*H67","v":{"v":512.4504,"d":"$512.45"}},{"v":20,"d":"$20.0"},{"$f":"N67*H67","v":{"v":1090.3200000000002,"d":"$1,090"}}]
[{"$f":"IF(I68<>\"\",1+MAX($A$6:A67),\"\")","v":""}]
[{"$f":"IF(I69<>\"\",1+MAX($A$6:A68),\"\")","v":38},"A-2.2b","A-2.2b",null,"Metal Ridge Cap",{"v":86.22,"d":"86"},{"v":0.1,"d":"10%"},{"$f":"F69*(1+G69)","v":{"v":94.84200000000001,"d":"95"}},"LF",{"v":2,"d":"$2.0"},{"$f":"J69*H69","v":{"v":189.68400000000003,"d":"$189.68"}},{"v":5,"d":"$5.00"},{"$f":"L69*H69","v":{"v":474.21000000000004,"d":"$474.21"}},{"v":7,"d":"$7.0"},{"$f":"N69*H69","v":{"v":663.8940000000001,"d":"$664"}}]
[{"$f":"IF(I70<>\"\",1+MAX($A$6:A69),\"\")","v":39},"A-2.2b","A-2.2b",null,"24 GA Ridge Flashing",{"$f":"F69","v":{"v":86.22,"d":"86"}},{"v":0.1,"d":"10%"},{"$f":"F70*(1+G70)","v":{"v":94.84200000000001,"d":"95"}},"LF",{"v":11.66,"d":"$11.7"},{"$f":"J70*H70","v":{"v":1105.8577200000002,"d":"$1,105.86"}},{"v":10.34,"d":"$10.34"},{"$f":"L70*H70","v":{"v":980.6662800000001,"d":"$980.67"}},{"v":22,"d":"$22.0"},{"$f":"N70*H70","v":{"v":2086.5240000000003,"d":"$2,087"}}]
[{"$f":"IF(I71<>\"\",1+MAX($A$6:A70),\"\")","v":40},"A-2.2b","A-2.2b",null,"24 GA Valley Flashing",{"v":58.43,"d":"58"},{"v":0.1,"d":"10%"},{"$f":"F71*(1+G71)","v":{"v":64.27300000000001,"d":"64"}},"LF",{"v":11.66,"d":"$11.7"},{"v":749.4231800000001,"d":"$749.42"},{"v":10.34,"d":"$10.34"},{"v":664.5828200000001,"d":"$664.58"},{"v":22,"d":"$22.0"},{"$f":"N71*H71","v":{"v":1414.0060000000003,"d":"$1,414"}}]
[{"$f":"IF(I72<>\"\",1+MAX($A$6:A71),\"\")","v":""}]
[{"$f":"IF(I73<>\"\",1+MAX($A$6:A72),\"\")","v":41},"A-2.2b","A-2.2b",null,"26 GA GSM Step Flashing",{"v":155.6,"d":"156"},{"v":0.1,"d":"10%"},{"$f":"F73*(1+G73)","v":{"v":171.16,"d":"171"}},"LF",{"v":10.600000000000001,"d":"$10.6"},{"$f":"J73*H73","v":{"v":1814.2960000000003,"d":"$1,814.30"}},{"v":9.399999999999999,"d":"$9.40"},{"$f":"L73*H73","v":{"v":1608.9039999999998,"d":"$1,608.90"}},{"v":20,"d":"$20.0"},{"$f":"N73*H73","v":{"v":3423.2,"d":"$3,423"}}]
[{"$f":"IF(I74<>\"\",1+MAX($A$6:A73),\"\")","v":42},"A-2.2b","A-2.2b",null,"16 GA GSM Apron Flashing",{"v":155.6,"d":"156"},{"v":0.1,"d":"10%"},{"$f":"F74*(1+G74)","v":{"v":171.16,"d":"171"}},"LF",{"v":14.84,"d":"$14.8"},{"v":2540.0144,"d":"$2,540.01"},{"v":13.16,"d":"$13.16"},{"v":2252.4656,"d":"$2,252.47"},{"v":28,"d":"$28.0"},{"$f":"N74*H74","v":{"v":4792.48,"d":"$4,792"}}]
[{"$f":"IF(I75<>\"\",1+MAX($A$6:A74),\"\")","v":43},"A-2.2b","A-2.2b",null,"16 GA GSM Thru Wall \"Z\" Bar Counter Flashing",{"v":155.6,"d":"156"},{"v":0.1,"d":"10%"},{"v":171.16,"d":"171"},"LF",{"v":14.84,"d":"$14.8"},{"$f":"J75*H75","v":{"v":2540.0144,"d":"$2,540.01"}},{"v":13.16,"d":"$13.16"},{"$f":"L75*H75","v":{"v":2252.4656,"d":"$2,252.47"}},{"v":28,"d":"$28.0"},{"v":4792.48,"d":"$4,792"}]
[{"$f":"IF(I76<>\"\",1+MAX($A$6:A75),\"\")","v":44},"A-2.2b","A-2.2b",null,"24 GA Ridge Flashing",{"v":155.6,"d":"156"},{"v":0.1,"d":"10%"},{"$f":"F76*(1+G76)","v":{"v":171.16,"d":"171"}},"LF",{"v":11.66,"d":"$11.7"},{"v":1995.7256,"d":"$1,995.73"},{"v":10.34,"d":"$10.34"},{"v":1769.7944,"d":"$1,769.79"},{"v":22,"d":"$22.0"},{"$f":"N76*H76","v":{"v":3765.52,"d":"$3,766"}}]
[{"$f":"IF(I77<>\"\",1+MAX($A$6:A76),\"\")","v":""}]
[{"$f":"IF(I78<>\"\",1+MAX($A$6:A77),\"\")","v":45},"A-2.2b","A-2.2b",null,"Flashing Around Chimney",{"v":22.29,"d":"22"},{"v":0.1,"d":"10%"},{"$f":"F78*(1+G78)","v":{"v":24.519000000000002,"d":"25"}},"LF",{"v":11.66,"d":"$11.7"},{"$f":"J78*H78","v":{"v":285.89154,"d":"$285.89"}},{"v":10.34,"d":"$10.34"},{"$f":"L78*H78","v":{"v":253.52646000000001,"d":"$253.53"}},{"v":22,"d":"$22.0"},{"$f":"N78*H78","v":{"v":539.418,"d":"$539"}}]
[{"$f":"IF(I79<>\"\",1+MAX($A$6:A78),\"\")","v":""}]
[{"$f":"IF(I80<>\"\",1+MAX($A$6:A79),\"\")","v":46},"A-2.2b","A-2.2b",null,"22 GA GSM Concealed Gutter",{"v":52.12,"d":"52"},{"v":0.1,"d":"10%"},{"$f":"F80*(1+G80)","v":{"v":57.332,"d":"57"}},"LF",{"v":11.66,"d":"$11.7"},{"$f":"J80*H80","v":{"v":668.49112,"d":"$668.49"}},{"v":10.34,"d":"$10.34"},{"$f":"L80*H80","v":{"v":592.81288,"d":"$592.81"}},{"v":22,"d":"$22.0"},{"$f":"N80*H80","v":{"v":1261.304,"d":"$1,261"}}]
[{"$f":"IF(I81<>\"\",1+MAX($A$6:A80),\"\")","v":47},"A-2.2b","A-2.2b",null,"(2\"X3\") Rectangular GSM Downspout",45,{"v":0.1,"d":"10%"},{"v":49.50000000000001,"d":"50"},"LF",{"v":9.01,"d":"$9.0"},{"v":445.99500000000006,"d":"$446.00"},{"v":7.989999999999999,"d":"$7.99"},{"v":395.505,"d":"$395.51"},{"v":17,"d":"$17.0"},{"v":841.5000000000001,"d":"$842"}]
[{"$f":"IF(I82<>\"\",1+MAX($A$6:A81),\"\")","v":48},"A-2.2b","A-2.2b",null,"Gutter Strap @ 3'O.C.",{"$f":"F80/3","v":{"v":17.37333333333333,"d":"17"}},{"v":0.1,"d":"10%"},{"v":19.110666666666667,"d":"19"},"EA",{"v":23.85,"d":"$23.9"},{"$f":"J82*H82","v":{"v":455.78940000000006,"d":"$455.79"}},{"v":21.15,"d":"$21.15"},{"$f":"L82*H82","v":{"v":404.19059999999996,"d":"$404.19"}},{"v":45,"d":"$45.0"},{"v":859.98,"d":"$860"}]
[{"$f":"IF(I83<>\"\",1+MAX($A$6:A82),\"\")","v":49},"A-2.2b","A-2.2b",null,"Rain Chain",1,{"v":0.1,"d":"10%"},{"$f":"F83*(1+G83)","v":{"v":1.1,"d":"1"}},"EA",{"v":63.86,"d":"$63.9"},{"v":70.24600000000001,"d":"$70.25"},{"v":103,"d":"$103.00"},{"v":113.30000000000001,"d":"$113.30"},{"v":166.86,"d":"$166.9"},{"$f":"N83*H83","v":{"v":183.54600000000002,"d":"$184"}}]
[{"$f":"IF(I84<>\"\",1+MAX($A$6:A83),\"\")","v":""}]
[{"$f":"IF(I85<>\"\",1+MAX($A$6:A84),\"\")","v":50},"A-2.2b","A-2.2b",null,"Soffit Strip Vent",{"v":263.21,"d":"263"},{"v":0.1,"d":"10%"},{"$f":"F85*(1+G85)","v":{"v":289.531,"d":"290"}},"LF",{"v":6.36,"d":"$6.4"},{"$f":"J85*H85","v":{"v":1841.4171600000002,"d":"$1,841.42"}},{"v":5.64,"d":"$5.64"},{"$f":"L85*H85","v":{"v":1632.9548399999999,"d":"$1,632.95"}},{"v":12,"d":"$12.0"},{"$f":"N85*H85","v":{"v":3474.3720000000003,"d":"$3,474"}}]
[{"$f":"IF(I86<>\"\",1+MAX($A$1:A85),\"\")","v":""}]
["SUB TOTAL",{"$nulls":13},{"$f":"SUM(O8:O86)","v":{"v":197311.32980000007,"d":"$197,311"}},{"$f":"SUM(P7:P86)","v":{"v":197311.32980000007,"d":"$197,311"}}]
["OVERHEAD & PROFIT (25%)",{"$nulls":12},{"v":0.25,"d":"25%"},{"$f":"N88*O87","v":{"v":49327.832450000016,"d":"$49,328"}},{"$f":"N88*P87","v":{"v":49327.832450000016,"d":"$49,328"}}]
["TOTAL BID",{"$nulls":13},{"$f":"SUM(O87:O88)","v":{"v":246639.16225000008,"d":"$246,639"}},{"$f":"SUM(P87:P88)","v":{"v":246639.16225000008,"d":"$246,639"}}]